01077cam a22002531 4500001001300000003000400013005001700017008004100034010002300075025001900098040001800117043001200135050001800147082001800165110002700183245008500210250001100295260010200306300002300408350001100431500029400442651006400736710002300800sa 68005451 DLC20260227112509.0710915s1966 ii 000 0 eng  asa 68005451 //r884 aPL480:I-E-7441 aDLCcDLCdDLC aa-ii---00aJQ532.Z2bA5200a354.54/82/00110aMadras (India : State)14aThe fundamental rules of the Madras Government, corrected up to 30th June, 1966. a2d ed.0 aMadras,bPrinted by the Director of Sationery and Print. on behalf of the Govt. of Madras,c1966. aii, 426 p.c25 cm. aRs4.15 aSupplemented by "First list of corrections to the fundamental rules of the Madras Government, 2d. ed. (corr.) up to 30th June 1966 for the period from 1st July 1966 to 31st December 1970" (34 p. 25 cm.) with cover title and published: Madras, l971. At head of title: Govt. of Tamil Nadu. 0aTamil Nadu (India)xOfficials and employeesxSalaries, etc.10aTamil Nadu (India)